000
00323nam a22001457a 4500
003
SGT
020
_a
8172292090
082
_a
954.035
_b
S72B
100
_a
BOSE, NIRMAL KUMAR
245
_a
STUDIES, IN GANDHISM
260
_b
NAVJIVAN PUBLISHING HOUSE
_c
1972
300
_a
326
650
_a
INDIAN HISTORY
942
_2
ddc
_c
BK
999
_c
27742
_d
27742